Tres nuevas especies de Colostethus (amphibia Dendrobatidae) de Colombia (Registro nro. 16122)

Detalles MARC
000 -CABECERA
Campo de control 003770000a22001210004500
090 ## - CLASIFICACIÓN LOCAL
Colección AS
Consecutivo Seriadas
041 0# - IDIOMA
Código de idioma para texto/pista de sonido o título separado
100 1# - ASIENTO PRINCIPAL--NOMBRE PERSONAL
Nombre personal Rivero, Juan A.
245 10 - MENCION DE TITULO
Título Tres nuevas especies de Colostethus (amphibia Dendrobatidae) de Colombia
700 1# - ASIENTO SECUNDARIO - NOMBRE PERSONAL
Nombre personal Serna, Marco A.
773 1# - Item fuente:
Título Trianea
Datos de la serie Acta Científica y Tecnológica
Descripción física 4
Paginas del Articulo 481-495
Lugar, editorial y fecha de publicación 1991
942 ## - ELEMENTOS ADICIONALES (KOHA)
Tipo de ítem Artículo

No hay ítems disponibles.